Operator algebras and geometry
Saved in:
| Main Author: | |
|---|---|
| Other Authors: | |
| Format: | Book |
| Language: | English |
| Published: |
Providence, R.I. :
American Mathematical Society,
c2008
|
| Series: | Translations of mathematical monographs ;
; 237 |
| Subjects: | |
| Tags: |
Add Tag
No Tags, Be the first to tag this record!
|
MARC
| LEADER | 00000nam a2200000 i 4500 | ||
|---|---|---|---|
| 001 | 1/57938 | ||
| 008 | 141013s2008 eng d | ||
| 020 | |a 978-0-8218-3947-8 | ||
| 035 | |l 10119438 | ||
| 040 | |a GR-MY-UA |b gre |e aacr | ||
| 041 | 0 | |a eng | |
| 082 | 0 | |a 512.556 |2 (23) | |
| 100 | 1 | |a Moriyoshi, Hitoshi |d 1961- | |
| 245 | 1 | 0 | |a Operator algebras and geometry / |c Hitoshi Moriyoshi, Toshikazu Natsume ; translated by Hitoshi Moriyoshi and Toshikazu Natsume |
| 260 | |a Providence, R.I. : |b American Mathematical Society, |c c2008 | ||
| 300 | |a viii, 155 σ.; |c 27 εκ. | ||
| 490 | 1 | |a Translations of mathematical monographs |v ; 237 | |
| 504 | |a Βιβλιογραφία: σ.147-151. Ευρετήριο | ||
| 650 | 0 | 0 | |a Operator algebras. |
| 650 | 0 | 0 | |a Geometry. |
| 700 | 1 | |a Natsume, Toshikazu. | |
| 830 | 0 | |a Translations of mathematical monographs ; |v ; 237 | |
| 852 | |a INST |b SAMOS |e 20141013 |h 512.556 MOR |p 005300037070 |q 005300037070 |t BK |y 0 | ||
| 901 | |a BIBL3-2014-3 | ||
| 909 | |a Σ |b 189201 | ||
| 922 | |a 3ΕΛΗ |b 201405 |c ΤΜΗΜΑ ΜΑΘΗΜΑΤΙΚΩΝ |d ΔΙΑΔΡΟΜΕΣ | ||
| 970 | |a ΚΟΣΙΕΡΗΣ |b ΧΡΗΣΤΟΣ |z 2014/10/13 | ||